Towards a Comparative Analysis of Social Inequalities between Europe and Latin America (Record no. 29540)

MARC details
000 -LEADER
fixed length control field 00984nam a2200133Ia 4500
008 - FIXED-LENGTH DATA ELEMENTS--GENERAL INFORMATION
fixed length control field 220620s9999||||xx |||||||||||||| ||und||
100 ## - MAIN ENTRY--PERSONAL NAME
Personal name López-Roldán, Pedro||Fachelli, Sandra
245 #0 - TITLE STATEMENT
Title Towards a Comparative Analysis of Social Inequalities between Europe and Latin America
546 ## - LANGUAGE NOTE
Language note English[eng]
650 ## - SUBJECT ADDED ENTRY--TOPICAL TERM
Topical term or geographic name entry element Social Structure, Social Inequality||Development and Social Change||Development Economics||Social Structure||Development Studies||Open access||Analytical Model of Social Inequalities and Trajectories||INCASI||inequality of opportunity||unemployment protection||labour market inequalities||inequality in education||digital divide||social stratification||social inequality at work||gender and inequality||Social & ethical issues||Development economics & emerging economies
700 ## - ADDED ENTRY--PERSONAL NAME
Personal name López-Roldán, Pedro||Fachelli, Sandra
856 ## - ELECTRONIC LOCATION AND ACCESS
Uniform Resource Identifier <a href="https://library.oapen.org/bitstream/20.500.12657/43275/1/2021_Book_TowardsAComparativeAnalysisOfS.pdf">https://library.oapen.org/bitstream/20.500.12657/43275/1/2021_Book_TowardsAComparativeAnalysisOfS.pdf</a>
942 ## - ADDED ENTRY ELEMENTS (KOHA)
Koha item type E-Books
Holdings
Withdrawn status Lost status Damaged status Not for loan Home library Current library Date acquired Total Checkouts Date last seen Price effective from Koha item type
        Kerala University of Digital Sciences, Innovation and Technology Knowledge Centre Kerala University of Digital Sciences, Innovation and Technology Knowledge Centre 20/06/2022   20/06/2022 20/06/2022 E-Books